000 00709nam a2200253Ia 4500
003 OSt
005 20220926024647.0
006 a|||||r|||| 00| 0
007 ta
008 220923b |||||||| |||| 00| 0 eng d
020 _a0750645806
037 _cGeneral Book
040 _aRTL
_cRTL
_beng
041 _2eng
_aeng
082 _aX:9, P0
100 _aStredwick John
_9283901
245 0 _aIntroduction to human resource management
260 _aOxford
_bButterworth United Kingdom
_c2000
300 _axiv, 393p.
_ccm.
650 _a Personnel Management
_929105
650 _aLabour Economics
_921364
942 _hX:9, P0
_cGB
_2CC
999 _c645133
_d645133